000 00805nam a2200241Ia 4500
003 OSt
005 20241116095748.0
008 210716s2005 xx 000 0 und d
020 _a8174464328
040 _cAIMIT LIBRARY
041 _aeng
082 _a001.072658
_21
_bCHAM
245 _aManaging global business :
_bstrategic perspective /
_cEdited by Mukesh Chaturvedi and Aseem Kumar.
250 _a1st ed.
260 _aNew Delhi :
_bExcel Books ,
_c2005.
300 _axvi,395p. ;
_bPB
_c24.8 cm
650 _aThe environment
_9185599
650 _aGlobal alliances mergers and acquisitions
_9185600
650 _aGlobal customers profile and behaviour
_9185601
700 _aChaturvedi, Mukesh., ed.
_9185602
700 _aKumar, Aseem., ed.
_9185603
942 _2ddc
_cBK
_e1st
_k001.072658 CHAM
999 _c201748
_d201748